000 00280nam a2200121 4500
003 OSt
008 231108b |||||||| |||| 00| 0 eng d
041 _ahin
082 _a891.54
_bLAK/RA
100 _aLakshminarayan Lal
_95572
245 _aRathrani
_bLakshminarayan Lal
942 _cBK
999 _c17780
_d17780